000 01217nam a2200253Ia 4500
003 Ost
005 20260507075121.0
008 260507s9999||||xx |||||||||||||| ||und||
020 _a3036368977
040 _cfsecg
041 _aara
082 _a338.7
100 _aالصيرفي، محمد
_eمؤلف
245 0 _aإقتصاديات المشروعات /
_c محمد الصيرفي
260 _aالإسكندرية:
_bمؤسسة حورس الدولية,
_c2005
300 _a407 صفحة؛
_bإيضاحات ؛
_c26 سم
490 _aسلسلة كتب المعارف الإدارية
_v12
504 _aالمراجع ص. 500
520 _aطبيعة وأهمية دراسات الجدوى الإقتصادية- الدراسة البيئية- الدراسة القانونية- الدراسة الإدارية- الدراسة الفنية للمشروع- الدراسة التسويقية- الدراسة المالية- الدراسة التجارية- الدراسة الإقتصادية- تقرير دراسة الجدوى.
653 _aإقتصاديات المشاريع
653 _aالإقتصاد- دراسات الجدوى
653 _aالمشاريع- تقييم
942 _cكتاب
999 _c43078
_d43078